Indovina i calciatori in base al loro percorsi di carriera #5 - Statistics

Statistiche generali
  • Questo quiz è stato fatto 314 volte
  • Il punteggio medio è 5 su 10
Statistiche sulle risposte
Calciatori Squadre % Corretto
Pep Guardiola
76%
Robin van Persie
76%
Gennaro Gattuso
71%
Lilian Thuram
61%
Ashley Cole
49%
Michael Ballack
49%
Ferenc Puskás
40%
Lev Yashin
23%
Peter Schmeichel
13%
Daniel Passarella
4%
Nessun quiz corrispondente trovato
Distribuzione punteggi
Percentuale di utenti per punteggio
Percentile per numero di risposta
I tuoi punteggi nel tempo
Non hai fatto questo quiz